Pretty Little Liars - Statistics

General Stats
  • This quiz has been taken 364 times
  • The average score is 8 of 8
Answer Stats
Hint Answer % Correct
A Aria
100%
H hanna
100%
E emily
99%
S spencer
99%
T toby
96%
A alison
95%
C caleb
92%
E ezra
87%
No matching quizzes found
Score Distribution
Percent of People with Each Score
Percentile by Number Answered
Your Score History
You have not taken this quiz